[Event "DFEM 2003"]
[Site "Altenkirchen"]
[Date "2003.07.27"]
[Round "3"]
[White "Willrodt, Sonja"]
[Black "Specht, Maria"]
[Result "1/2-1/2"]
[WhiteElo "1980"]
[BlackElo "2009"]
[PlyCount "85"]

1. Nf3 c5 2. g3 Nc6 3. Bg2 e6 4. e4 g6 5. d3 Bg7 6. O-O Nge7 7. c3 O-O 8. Be3
d6 9. Qd2 Re8 10. d4 cxd4 11. Nxd4 Nxd4 12. Bxd4 e5 13. Be3 Qc7 14. Na3 a6 15.
Rfd1 Rd8 16. c4 Be6 17. b3 Rd7 18. Nc2 b5 19. cxb5 axb5 20. Nb4 Qb7 21. Rac1
Rad8 22. Nd5 Bxd5 23. exd5 Nf5 24. Bh3 Nxe3 25. Bxd7 Nxd1 26. Bc6 Qb6 27. Rxd1
b4 28. Rc1 e4 29. Rc4 Bc3 30. Qe2 Qa5 31. Rxe4 Kg7 32. Re7 Bf6 33. Rb7 Rf8 34.
Qf3 Qxa2 35. Rxb4 Qd2 36. Rb7 Qe1+ 37. Kg2 Bd4 38. b4 Kg8 39. Qf4 Be5 40. Qe3
Qd1 41. Qf3 Qxf3+ 42. Kxf3 Ra8 43. Ke3 1/2-1/2

[Event "DFEM 2003"]
[Site "Altenkirchen"]
[Date "2003.07.27"]
[Round "3"]
[White "Nattermueller, Irina"]
[Black "Meier, Annemarie Sylvia"]
[Result "0-1"]
[WhiteElo "2166"]
[BlackElo "2267"]
[PlyCount "82"]

1. e4 e5 2. Nf3 Nc6 3. Bb5 a6 4. Ba4 Nf6 5. d4 exd4 6. O-O Be7 7. e5 Ne4 8.
Nxd4 O-O 9. Nf5 d5 10. Bxc6 bxc6 11. Nxe7+ Qxe7 12. Re1 f6 13. f3 Nc5 14. exf6
Qxf6 15. Nc3 Bf5 16. Ne2 Rfe8 17. Qd2 Rab8 18. Rb1 d4 19. b4 Na4 20. Bb2 Nxb2
21. Rxb2 c5 22. Rbb1 Rxb4 23. Rxb4 cxb4 24. Qxb4 Qe5 25. Kf1 c5 26. Qd2 h6 27.
f4 Qd5 28. a3 Be4 29. Nc1 Bxg2+ 30. Kg1 Rxe1+ 31. Qxe1 Be4 32. Nd3 c4 33. Nb4
Qf5 34. Qf2 Qg4+ 35. Kf1 Qd1+ 36. Qe1 Qf3+ 37. Qf2 Qxf2+ 38. Kxf2 a5 39. Na6
Bxc2 40. Nc5 Kf7 41. Ke1 c3 0-1

[Event "DFEM 2003"]
[Site "Altenkirchen"]
[Date "2003.07.27"]
[Round "3"]
[White "Thiery, Jennifer"]
[Black "Klein, Annette"]
[Result "1-0"]
[WhiteElo "1688"]
[BlackElo "2076"]
[PlyCount "95"]

1. e4 e6 2. d4 d5 3. e5 c5 4. c3 Nc6 5. Nf3 Qb6 6. a3 Bd7 7. b4 cxd4 8. cxd4
Nh6 9. Be2 Nf5 10. Be3 Be7 11. Nc3 f6 12. exf6 Bxf6 13. Na4 Qd8 14. Nc5 Bc8 15.
Rc1 O-O 16. O-O Qd6 17. Qd2 Nxe3 18. fxe3 b6 19. Nd3 Bb7 20. Nf4 Rad8 21. Rfd1
Kh8 22. Qc2 Rc8 23. Qd2 Ne7 24. Nh5 Qd7 25. Bd3 Qe8 26. Nf4 Nc6 27. Rf1 Rd8 28.
Bb5 a6 29. Ba4 Rc8 30. Qd3 b5 31. Bc2 g6 32. h4 Rc7 33. g4 Bd8 34. h5 gxh5 35.
gxh5 Rg8+ 36. Kf2 Bf6 37. Rg1 Rxg1 38. Rxg1 Re7 39. Rg2 Nd8 40. Rg1 Nc6 41. Rg2
Qd7 42. Rg1 Rf7 43. Ng6+ hxg6 44. Qxg6 Bh4+ 45. Ke2 Rg7 46. Qh6+ Kg8 47. Qh7+
Kf8 48. Qh8+ 1-0

[Event "DFEM 2003"]
[Site "Altenkirchen"]
[Date "2003.07.27"]
[Round "3"]
[White "Vollak, Marleen"]
[Black "Wraga, Teresa"]
[Result "1-0"]
[WhiteElo "1454"]
[BlackElo "1563"]
[PlyCount "100"]

1. d4 Nf6 2. c4 c5 3. d5 b5 4. e3 g6 5. Nf3 d6 6. Bd3 Bg7 7. O-O O-O 8. Nc3
bxc4 9. Bxc4 Ba6 10. Nb5 Bb7 11. Re1 a6 12. Nc3 Nbd7 13. a3 Nb6 14. Ba2 c4 15.
e4 Qc7 16. Bg5 Rfe8 17. Rc1 h6 18. Be3 Rac8 19. Qd2 Kh7 20. h3 Nbd7 21. Qc2 Qa5
22. Bd2 Qc7 23. Nd1 Qb8 24. Ne3 Nc5 25. Nxc4 Ncxe4 26. Rxe4 Bxd5 27. Ree1 Bxf3
28. gxf3 d5 29. Bb4 dxc4 30. Bxc4 Nd5 31. Qb3 e6 32. Bxa6 Rxc1 33. Rxc1 Qf4 34.
Rc4 Qg5+ 35. Rg4 Qc1+ 36. Bf1 h5 37. Qc4 Qxb2 38. Re4 Qf6 39. Bg2 Qa1+ 40. Qf1
Rc8 41. Qxa1 Bxa1 42. Kf1 Rc1+ 43. Re1 Rxe1+ 44. Bxe1 Nf4 45. Bd2 Nxg2 46. Kxg2
Kg7 47. a4 Be5 48. a5 Bc7 49. a6 Bb8 50. Bf4 e5 1-0

[Event "DFEM 2003"]
[Site "Altenkirchen"]
[Date "2003.07.27"]
[Round "3"]
[White "Vogel, Heike"]
[Black "Ulms, Sandra"]
[Result "1/2-1/2"]
[WhiteElo "2162"]
[BlackElo "2155"]
[PlyCount "156"]

1. d4 c5 2. c3 e6 3. Nf3 d5 4. Bf4 Nc6 5. e3 Nf6 6. Nbd2 Bd6 7. Ne5 Qc7 8. Ndf3
Nd7 9. Nxf7 Kxf7 10. Ng5+ Ke7 11. Qh5 Nd8 12. Qh4 Nf6 13. Bd3 Bxf4 14. exf4 c4
15. Bc2 Nf7 16. O-O h6 17. Nxf7 Kxf7 18. Rfe1 Bd7 19. Re5 g6 20. Rae1 Rae8 21.
R1e3 Qd8 22. Qg3 Rhg8 23. Qh3 h5 24. Bd1 Rh8 25. f3 Qa5 26. a3 Qb6 27. Re2 Qd6
28. Bc2 Reg8 29. Qg3 h4 30. Qe1 Rg7 31. Qb1 Bc8 32. Kf2 Re8 33. Ke3 Reg8 34. g4
Ke7 35. Rg5 Kf7 36. Qe1 Rh8 37. Qb1 Rhg8 38. Qe1 Rh7 39. Qb1 Rh6 40. Re5 Nd7
41. Rg5 Nb8 42. Qg1 Nc6 43. f5 e5 44. fxg6+ Kf6 45. Rxe5 Nxe5 46. g5+ Kg7 47.
gxh6+ Kxh6 48. Qf2 Nxg6 49. Bxg6 Rxg6 50. Qxh4+ Kg7 51. Kd2 Qf6 52. Re7+ Kf8
53. Qxf6+ Rxf6 54. Rc7 Bh3 55. Rxb7 Rxf3 56. Rxa7 Rf2+ 57. Kc1 Rxh2 58. Rb7 Ke8
59. Rb5 Bg2 60. Kd2 Be4+ 61. Ke3 Kd7 62. a4 Rh3+ 63. Kd2 Kc6 64. Rb4 Rh1 65. b3
Rh2+ 66. Ke3 Bd3 67. a5 Re2+ 68. Kf4 Ra2 69. Rb6+ Kc7 70. b4 Ra3 71. Ke5 Be4
72. Rf6 Rxc3 73. b5 Rf3 74. Rc6+ Kd7 75. Rd6+ Ke7 76. Re6+ Kd7 77. Rd6+ Ke7 78.
Re6+ Kd7 1/2-1/2

[Event "DFEM 2003"]
[Site "Altenkirchen"]
[Date "2003.07.28"]
[Round "4"]
[White "Hund, Isabel"]
[Black "Nattermueller, Irina"]
[Result "1/2-1/2"]
[WhiteElo "2091"]
[BlackElo "2166"]
[PlyCount "33"]

1. e4 c5 2. Nc3 Nc6 3. g3 g6 4. Bg2 Bg7 5. d3 e6 6. Be3 b6 7. Qd2 Bb7 8. Nge2
Nge7 9. Bh6 Bxh6 10. Qxh6 d5 11. exd5 Nb4 12. O-O Nf5 13. Qd2 Nxd5 14. Nf4 O-O
15. Ncxd5 exd5 16. Rfe1 Qd6 17. c3 1/2-1/2

[Event "DFEM 2003"]
[Site "Altenkirchen"]
[Date "2003.07.28"]
[Round "4"]
[White "Lorenz, Oda"]
[Black "Vollak, Marleen"]
[Result "1-0"]
[WhiteElo "1962"]
[BlackElo "1454"]
[PlyCount "81"]

1. e4 c5 2. d4 cxd4 3. c3 dxc3 4. Nxc3 Nc6 5. Nf3 e6 6. Bc4 a6 7. O-O Nge7 8.
Qe2 b5 9. Bb3 Bb7 10. a3 Ng6 11. Rd1 Be7 12. Be3 O-O 13. Rac1 Rc8 14. h3 d6 15.
Nh2 Nce5 16. f4 Nc4 17. Ng4 Qc7 18. Qf2 Nxe3 19. Nxe3 Qb8 20. f5 exf5 21. Nxf5
Kh8 22. Qd4 f6 23. Nxe7 Nxe7 24. Qxd6 Qxd6 25. Rxd6 Rcd8 26. Rcd1 Rxd6 27. Rxd6
Ng6 28. Rd7 Bc8 29. Ra7 h6 30. Nd5 Rd8 31. Ra8 Rf8 32. Ra7 Rd8 33. Nb6 Ne5 34.
Ra8 Nd3 35. Nxc8 Nxb2 36. Be6 Na4 37. Bf5 Nc5 38. Kh2 Re8 39. Kg3 Nxe4+ 40.
Bxe4 Rxe4 41. Nd6+ 1-0

[Event "DFEM 2003"]
[Site "Altenkirchen"]
[Date "2003.07.28"]
[Round "4"]
[White "Meier, Annemarie Sylvia"]
[Black "Eckhardt, Claudia"]
[Result "1/2-1/2"]
[WhiteElo "2267"]
[BlackElo "2186"]
[PlyCount "60"]

1. e4 c5 2. f4 d5 3. exd5 Nf6 4. Nc3 Nxd5 5. Nf3 e6 6. g3 Be7 7. Bg2 O-O 8. Ne4
Nc6 9. O-O Nd4 10. d3 Nxf3+ 11. Qxf3 Bd7 12. c3 Qb6 13. Kh1 g6 14. Qe2 Rfe8 15.
Nd2 Nf6 16. Nc4 Qc7 17. Ne5 Rad8 18. Bd2 Bf8 19. Rad1 Bc8 20. Be1 Bg7 21. g4
Nd7 22. Bh4 f6 23. Nc4 b5 24. Nd2 Nb6 25. Ne4 Rf8 26. Bf2 c4 27. Bc5 Rfe8 28.
Bd4 Nd5 29. Qf3 f5 30. Bxg7 Kxg7 1/2-1/2

[Event "DFEM 2003"]
[Site "Altenkirchen"]
[Date "2003.07.28"]
[Round "4"]
[White "Specht, Maria"]
[Black "Dietzen, Corinna"]
[Result "1-0"]
[WhiteElo "2009"]
[BlackElo "1643"]
[PlyCount "71"]

1. d4 d5 2. e3 Nf6 3. Bd3 e6 4. Nd2 c5 5. c3 Nc6 6. Ngf3 Bd6 7. dxc5 Bxc5 8.
Nb3 Bd6 9. Qe2 Bd7 10. O-O O-O 11. e4 dxe4 12. Bxe4 Nxe4 13. Qxe4 f6 14. Bf4
Bxf4 15. Qxf4 Qe7 16. Rfe1 e5 17. Qe3 Qf7 18. Nc5 Bg4 19. Nd2 Rfd8 20. Ndb3 Bf5
21. Ne4 b6 22. Rad1 Be6 23. Ned2 Rd6 24. Ne4 Rxd1 25. Rxd1 Bxb3 26. axb3 Qxb3
27. Qe2 Na5 28. Qd3 Qc4 29. Qc2 Nc6 30. Rd7 Nd4 31. Nxf6+ Kf8 32. Qxh7 Ne2+ 33.
Kh1 Ng3+ 34. hxg3 gxf6 35. Qe7+ Kg8 36. Qg7# 1-0

[Event "DFEM 2003"]
[Site "Altenkirchen"]
[Date "2003.07.28"]
[Round "4"]
[White "Fried, Annika"]
[Black "Wraga, Teresa"]
[Result "1-0"]
[WhiteElo "1686"]
[BlackElo "1563"]
[PlyCount "85"]

1. e4 d6 2. d4 Nf6 3. Nc3 g6 4. Be3 c6 5. f3 b5 6. Qd2 Nbd7 7. g4 Bb7 8. Nge2
Nb6 9. Ng3 Nc4 10. Bxc4 bxc4 11. h4 Qa5 12. h5 O-O-O 13. Qe2 Ba6 14. f4 e6 15.
g5 Nd7 16. Qg4 Be7 17. hxg6 hxg6 18. O-O-O d5 19. Kb1 Kc7 20. f5 e5 21. fxg6
fxg6 22. Qe6 Ba3 23. exd5 Qb6 24. Qxc6+ Qxc6 25. dxc6 Bxb2 26. Nd5+ Kxc6 27.
Nb4+ Kb5 28. Nxa6 c3 29. Nc7+ Ka4 30. Nd5 Rxh1 31. Nxh1 Rb8 32. Nxc3+ Bxc3+ 33.
Kc1 Ka3 34. Rd3 Kxa2 35. Rxc3 Rb1+ 36. Kd2 Rxh1 37. Rc7 Rh2+ 38. Kd3 Rh7 39.
Rxa7+ Kb2 40. Rb7+ Ka1 41. Rb5 exd4 42. Bxd4+ Ka2 43. Ra5+ 1-0

[Event "DFEM 2003"]
[Site "Altenkirchen"]
[Date "2003.07.28"]
[Round "4"]
[White "von Herman, Brigitte"]
[Black "Fuchs, Antje"]
[Result "1-0"]
[WhiteElo "2054"]
[BlackElo "2103"]
[PlyCount "73"]

1. e4 c5 2. c3 d5 3. exd5 Qxd5 4. d4 Nf6 5. Nf3 Bg4 6. Be2 e6 7. O-O Nc6 8. h3
Bh5 9. c4 Qd8 10. dxc5 Bxc5 11. Nc3 O-O 12. a3 Qe7 13. Bg5 Rfd8 14. Qe1 h6 15.
Bh4 Bxf3 16. Bxf3 Nd4 17. Bd1 Nf5 18. Bxf6 Qxf6 19. Ne4 Qxb2 20. Bf3 Rac8 21.
Rb1 Qxa3 22. Rxb7 Bd4 23. Bh5 g6 24. Bxg6 Ne7 25. Bh5 Rb8 26. Rxb8 Rxb8 27. Qe2
Qb2 28. Qg4+ Bg7 29. Nd6 f5 30. Qf3 Rf8 31. Rd1 Be5 32. c5 a5 33. Qd3 a4 34.
Qa6 Bd4 35. Rf1 a3 36. Nc4 Qb3 37. Qxe6+ 1-0

[Event "DFEM 2003"]
[Site "Altenkirchen"]
[Date "2003.07.28"]
[Round "4"]
[White "Ulms, Sandra"]
[Black "Berglitz, Regina"]
[Result "0-1"]
[WhiteElo "2155"]
[BlackElo "2076"]
[PlyCount "94"]

1. d4 d5 2. Nf3 Nf6 3. c4 e6 4. Bg5 Be7 5. Nc3 O-O 6. e3 Nbd7 7. Qc2 a6 8. a4
Re8 9. Bd3 dxc4 10. Bxc4 b6 11. Rd1 Bb7 12. O-O h6 13. Bh4 Nd5 14. Bg3 Nb4 15.
Qe2 Qc8 16. Ne5 Nxe5 17. dxe5 Rd8 18. f4 Rxd1 19. Rxd1 Qe8 20. Rf1 Qc6 21. e4
Rd8 22. f5 Bg5 23. Be1 Nc2 24. Bxa6 Bxa6 25. Qxa6 Nxe1 26. Rxe1 Qc5+ 27. Kh1
Qxe5 28. fxe6 Qxe6 29. Nd5 Rxd5 30. Qa8+ Rd8 31. Qb7 Bf4 32. Qa6 Qd6 33. g3 Qb4
34. Qf1 Be5 35. Re2 Qxa4 36. Qf3 Rd1+ 37. Kg2 Qd7 38. Rf2 Rd2 39. b3 Rd3 40.
Qh5 f6 41. Qe2 c5 42. Qa2 b5 43. Qa8+ Kh7 44. Ra2 Rxb3 45. Qf8 c4 46. Ra8 Rb2+
47. Kf3 Qd1+ 0-1

[Event "DFEM 2003"]
[Site "Altenkirchen"]
[Date "2003.07.28"]
[Round "4"]
[White "Storkebaum, Ulrike"]
[Black "Willrodt, Sonja"]
[Result "0-1"]
[WhiteElo "1747"]
[BlackElo "1980"]
[PlyCount "114"]

1. e4 e6 2. d4 d5 3. exd5 Qxd5 4. Nc3 Bb4 5. Nf3 Nf6 6. Bd2 Bxc3 7. bxc3 c5 8.
Bb5+ Bd7 9. Qe2 a6 10. Bc4 Qd6 11. O-O b5 12. dxc5 Qxc5 13. Bd3 Nc6 14. a4 b4
15. cxb4 Nxb4 16. Bxb4 Qxb4 17. Rfb1 Qd6 18. Ne5 O-O 19. Nxd7 Nxd7 20. Qe4 g6
21. Qe3 Nc5 22. Be2 Rac8 23. Rd1 Qc7 24. h4 Rfd8 25. h5 Qe7 26. hxg6 hxg6 27.
Qh6 Ne4 28. Rxd8+ Rxd8 29. Qe3 Nc5 30. g3 Rd5 31. Kg2 Qg5 32. Qxg5 Rxg5 33. f4
Rd5 34. Kf3 Kf8 35. Ke3 Ke7 36. c4 Rd6 37. Bf3 Rb6 38. Bd1 Rb4 39. Kd4 Kd6 40.
Ra3 f6 41. Bc2 g5 42. fxg5 fxg5 43. a5 Nd7 44. Kc3 Kc5 45. Ra4 Rxa4 46. Bxa4
Ne5 47. Be8 Nxc4 48. Bf7 Nxa5 49. Bxe6 Nc6 50. Kd3 Kd6 51. Bb3 Ke5 52. Ke3 a5
53. g4 Nb4 54. Ba4 Nd5+ 55. Kf3 Kd4 56. Bd7 Nc3 57. Be6 a4 0-1

[Event "DFEM 2003"]
[Site "Altenkirchen"]
[Date "2003.07.28"]
[Round "4"]
[White "Skibbe, Diana"]
[Black "Vogel, Heike"]
[Result "1/2-1/2"]
[WhiteElo "2105"]
[BlackElo "2162"]
[PlyCount "104"]

1. e4 c6 2. d4 d5 3. e5 c5 4. c3 Nc6 5. f4 cxd4 6. cxd4 Bf5 7. Nc3 e6 8. Bd3
Nh6 9. Nf3 Be7 10. O-O Bg4 11. Ne2 O-O 12. Kh1 f6 13. Be3 fxe5 14. dxe5 Nf5 15.
Bg1 Qe8 16. Qe1 Qg6 17. Rd1 Qh6 18. Bxf5 Rxf5 19. Ng3 Rxf4 20. Be3 g5 21. Bxf4
gxf4 22. Ne2 Rf8 23. Rc1 Rf5 24. Neg1 Rh5 25. Rxc6 bxc6 26. Qa5 Qf8 27. Rc1 c5
28. Qxa7 c4 29. b4 Bxb4 30. a3 Bc5 31. Qc7 Rf5 32. a4 Rf7 33. Qc6 Bxg1 34. Rxg1
Qd8 35. Nd4 Rc7 36. Qa6 Qc8 37. Qa5 c3 38. Nb5 Rc5 39. Rc1 c2 40. Qd2 Qf8 41.
Rxc2 f3 42. Qg5+ Kh8 43. Rf2 Qe7 44. Qe3 Rc4 45. gxf3 Bh3 46. Ra2 Rb4 47. Ra1
Qg7 48. Rg1 Rb1 49. Qf2 Rxg1+ 50. Qxg1 Qh6 51. Nd6 Qf4 52. Qg3 Qc1+ 1/2-1/2

[Event "DFEM 2003"]
[Site "Altenkirchen"]
[Date "2003.07.28"]
[Round "4"]
[White "Grossmann, Susan"]
[Black "Thiery, Jennifer"]
[Result "1-0"]
[WhiteElo "1763"]
[BlackElo "1688"]
[PlyCount "116"]

1. e4 c5 2. Nc3 Nc6 3. g3 g6 4. Bg2 Bg7 5. d3 e6 6. f4 Nge7 7. Nf3 d6 8. O-O
O-O 9. Be3 Rb8 10. Qd2 b5 11. Rae1 Nd4 12. g4 Nec6 13. Qf2 Nxf3+ 14. Bxf3 Nd4
15. Bg2 b4 16. Nd1 f5 17. exf5 gxf5 18. g5 a5 19. h4 Qe8 20. Bc1 a4 21. Ne3 b3
22. axb3 axb3 23. c3 Nc6 24. Nc4 Qd7 25. h5 d5 26. Qxc5 dxc4 27. Qxc6 Qxc6 28.
Bxc6 cxd3 29. Rd1 Rb6 30. Bg2 Rd8 31. Be3 Rbd6 32. Rd2 R6d7 33. Ra1 Bb7 34.
Bxb7 Rxb7 35. Kg2 Kf7 36. Kf3 Rd5 37. Bf2 e5 38. fxe5 Bxe5 39. Bg3 Bxg3 40.
Kxg3 Ke6 41. Kf4 Kf7 42. Ra6 Rbb5 43. Ra7+ Kg8 44. Re7 Ra5 45. Ke3 f4+ 46. Kxf4
Rxg5 47. Rxd3 Raf5+ 48. Ke4 Rxh5 49. Rd8+ Rf8 50. Rxf8+ Kxf8 51. Rb7 Rh1 52. c4
Rh3 53. c5 Ke8 54. Kd5 Kd8 55. Kc6 Rh6+ 56. Kb5 Kc8 57. c6 Rh2 58. Rg7 58...
Rxb2 {Zeitueberschreitung} 1-0

[Event "DFEM 2003"]
[Site "Altenkirchen"]
[Date "2003.07.28"]
[Round "4"]
[White "Klein, Annette"]
[Black "Liebs, Hannelore"]
[Result "0-1"]
[WhiteElo "2076"]
[BlackElo "2109"]
[PlyCount "146"]

1. e4 c6 2. d4 d5 3. exd5 cxd5 4. Bd3 g6 5. c3 Bg7 6. Bf4 Nc6 7. Nd2 Nf6 8. h3
O-O 9. Ngf3 Re8 10. O-O Nd7 11. Re1 e5 12. dxe5 Ndxe5 13. Nxe5 Nxe5 14. Bf1 Bd7
15. Qb3 Bc6 16. Rad1 Qd7 17. Qc2 Rac8 18. Nb3 Ba4 19. Qd2 a6 20. Kh1 Nc4 21.
Bxc4 Rxe1+ 22. Rxe1 dxc4 23. Qxd7 Bxd7 24. Nd2 Be6 25. Ne4 Rc6 26. Rd1 h6 27.
Be3 b5 28. Rd8+ Kh7 29. a3 g5 30. Nc5 Bf6 31. Ra8 Bc8 32. Ra7 Kg6 33. Kg1 Bd8
34. Nd7 Bc7 35. Rxc7 Rxc7 36. Ne5+ Kf5 37. Nf3 Ke4 38. Kf1 f5 39. Ke2 Re7 40.
Bd4 Kd5+ 41. Kd2 Bd7 42. Ne1 f4 43. Nc2 Re6 44. Ne1 Be8 45. g3 fxg3 46. fxg3
Bh5 47. Be3 Ke4 48. Nc2 Bf3 49. Nd4 Rd6 50. Bf2 Bg2 51. h4 gxh4 52. gxh4 h5 53.
Be3 Bf3 54. Bg5 Bg4 55. Kc2 Rd7 56. Nc6 Bd1+ 57. Kc1 Ba4 58. Nd4 Kd3 59. Nc6
Rc7 60. Ne7 Ke2 61. Ng6 Rd7 62. Nf4+ Kf3 63. b3 cxb3 64. Ne6 Rd1+ 65. Kb2 Rh1
66. Nd4+ Kg4 67. Nxb3 Bxb3 68. Kxb3 Rxh4 69. Bxh4 Kxh4 70. a4 Kg5 71. axb5 axb5
72. c4 bxc4+ 73. Kxc4 h4 0-1

[Event "DFEM 2003"]
[Site "Altenkirchen"]
[Date "2003.07.29"]
[Round "5"]
[White "von Herman, Brigitte"]
[Black "Hund, Isabel"]
[Result "1/2-1/2"]
[WhiteElo "2054"]
[BlackElo "2091"]
[PlyCount "30"]

1. e4 e5 2. Nf3 Nc6 3. Bc4 Bc5 4. c3 Nf6 5. d4 exd4 6. cxd4 Bb4+ 7. Bd2 Be7 8.
d5 Nb8 9. Nc3 d6 10. h3 O-O 11. O-O c6 12. dxc6 bxc6 13. e5 Ne8 14. exd6 Nxd6
15. Bd3 Bf5 1/2-1/2

[Event "DFEM 2003"]
[Site "Altenkirchen"]
[Date "2003.07.29"]
[Round "5"]
[White "Vollak, Marleen"]
[Black "Fried, Annika"]
[Result "1/2-1/2"]
[WhiteElo "1454"]
[BlackElo "1686"]
[PlyCount "50"]

1. d4 Nf6 2. c4 g6 3. Nc3 Bg7 4. e4 d6 5. h3 O-O 6. Bg5 Nbd7 7. Bd3 c5 8. d5
Qa5 9. Qd2 Rb8 10. Nge2 Ne5 11. f4 Nxd3+ 12. Qxd3 Re8 13. O-O a6 14. a4 h6 15.
Bh4 Bd7 16. g4 Nh7 17. Kh1 Qd8 18. Rg1 Kh8 19. Rg2 Qa5 20. f5 g5 21. Bf2 Be5
22. h4 Kg7 23. Rgg1 Rh8 24. Rgb1 Nf6 25. Rg1 Qc7 1/2-1/2

[Event "DFEM 2003"]
[Site "Altenkirchen"]
[Date "2003.07.29"]
[Round "5"]
[White "Eckhardt, Claudia"]
[Black "Grossmann, Susan"]
[Result "1-0"]
[WhiteElo "2186"]
[BlackElo "1763"]
[PlyCount "105"]

1. d4 Nf6 2. g3 g6 3. Bg2 Bg7 4. Nf3 O-O 5. O-O d6 6. c4 Nbd7 7. Nc3 Re8 8. h3
e5 9. e4 c6 10. Be3 Qc7 11. Re1 Nf8 12. Rc1 N6d7 13. b4 exd4 14. Nxd4 Ne5 15.
Nce2 a6 16. f4 c5 17. Nb3 Ned7 18. Nc3 Ne6 19. Nd5 Qb8 20. f5 Nc7 21. bxc5 dxc5
22. Nxc5 Nxc5 23. Bxc5 Nxd5 24. exd5 Bxf5 25. g4 Bd7 26. Rxe8+ Qxe8 27. Qf3 Rc8
28. Bf2 Qe5 29. Re1 Qf6 30. Qb3 b5 31. c5 Re8 32. Rxe8+ Bxe8 33. Qd1 Bf8 34. d6
Qe6 35. Bd5 Qe5 36. Qf3 Bxd6 37. cxd6 Qxd6 38. Bd4 a5 39. Qf6 Qxf6 40. Bxf6 Bd7
41. Kg2 Be6 42. Bxe6 fxe6 43. Bd8 a4 44. Ba5 Kf7 45. Kf3 Kf6 46. Bc3+ e5 47.
Bd2 Ke6 48. Ke4 Kd6 49. Bb4+ Ke6 50. a3 Kf6 51. h4 h5 52. g5+ Ke6 53. Bc5 1-0

[Event "DFEM 2003"]
[Site "Altenkirchen"]
[Date "2003.07.29"]
[Round "5"]
[White "Willrodt, Sonja"]
[Black "Skibbe, Diana"]
[Result "1/2-1/2"]
[WhiteElo "1980"]
[BlackElo "2105"]
[PlyCount "55"]

1. Nf3 Nf6 2. g3 g6 3. Bg2 Bg7 4. d3 d5 5. O-O O-O 6. Nbd2 Nbd7 7. e4 e5 8.
exd5 Nxd5 9. Nc4 c6 10. Re1 Qc7 11. d4 exd4 12. Nxd4 N7b6 13. Ne3 Bd7 14. Nxd5
Nxd5 15. c4 Nf6 16. Bf4 Qb6 17. Be5 Rfe8 18. Nb3 Be6 19. Qc1 c5 20. Qc3 Nh5 21.
Bxg7 Nxg7 22. Bd5 Rad8 23. Re5 Qc7 24. Nxc5 Bxd5 25. Rxd5 Rxd5 26. cxd5 Rc8 27.
Ne4 Qxc3 28. Nxc3 1/2-1/2

[Event "DFEM 2003"]
[Site "Altenkirchen"]
[Date "2003.07.29"]
[Round "5"]
[White "Liebs, Hannelore"]
[Black "Lorenz, Oda"]
[Result "1-0"]
[WhiteElo "2109"]
[BlackElo "1962"]
[PlyCount "87"]

1. d4 Nf6 2. Nc3 d5 3. e4 dxe4 4. f3 a6 5. Nxe4 Nxe4 6. fxe4 e5 7. Nf3 exd4 8.
Qxd4 Qxd4 9. Nxd4 Bc5 10. Nb3 Bb6 11. a4 Nc6 12. a5 Ba7 13. Bf4 Nb4 14. O-O-O
Be6 15. Nd2 b5 16. axb6 cxb6 17. Bd6 a5 18. Bb5+ Bd7 19. Bxd7+ Kxd7 20. Nc4 Ke6
21. c3 Rhc8 22. Na3 Bb8 23. Nb5 Nc6 24. Rd2 Ne5 25. Rd5 Nc4 26. Nd4+ Kf6 27.
Rf1+ Kg6 28. Bxb8 Raxb8 29. Nf5 Re8 30. Nh4+ Kh6 31. Rxf7 Rxe4 32. Nf5+ Kg6 33.
Rxg7+ Kf6 34. Rxh7 Re1+ 35. Kc2 Re2+ 36. Kb3 Nd2+ 37. Ka2 Rg8 38. Rh6+ Kf7 39.
Rd7+ Ke8 40. Rhh7 Nc4 41. Rc7 Rxb2+ 42. Ka1 Rd2 43. Rc8+ Rd8 44. Re7+ 1-0

[Event "DFEM 2003"]
[Site "Altenkirchen"]
[Date "2003.07.29"]
[Round "5"]
[White "Storkebaum, Ulrike"]
[Black "Klein, Anette"]
[Result "0-1"]
[WhiteElo "1747"]
[BlackElo "2076"]
[PlyCount "80"]
[EventDate "2003.??.??"]

1. e4 e6 2. d4 d5 3. exd5 exd5 4. Nf3 Bd6 5. Bd3 Bg4 6. O-O Ne7 7. Re1 c6 8.
Nbd2 Nd7 9. c4 Nf6 10. Qc2 O-O 11. Ne5 Bc8 12. Ndf3 dxc4 13. Nxc4 Ned5 14. a3
h6 15. Nce5 Nh5 16. Bh7+ Kh8 17. Nxf7+ Rxf7 18. Bg6 Rf8 19. Bxh5 Bf5 20. Qb3
Rb8 21. g3 Qf6 22. Ne5 Kg8 23. f4 g6 24. Be2 Kg7 25. Bd3 Rfd8 26. Qc2 Ne7 27.
Be3 Bc7 28. Qc3 Bb6 29. Rad1 Nd5 30. Qc2 Nxe3 31. Rxe3 Bxd4 32. Rde1 Bxe3+ 33.
Rxe3 Bxd3 34. Rxd3 Rxd3 35. Qxd3 Rd8 36. Qb3 Qe7 37. Qc2 Qd6 38. Qc3 Qd1+ 39.
Kg2 Rd2+ 40. Kh3 Qh5# 0-1

[Event "DFEM 2003"]
[Site "Altenkirchen"]
[Date "2003.07.29"]
[Round "5"]
[White "Fuchs, Antje"]
[Black "Specht, Maria"]
[Result "1/2-1/2"]
[WhiteElo "2103"]
[BlackElo "2009"]
[PlyCount "115"]

1. e4 e6 2. d4 c6 3. Nc3 d5 4. Nf3 dxe4 5. Nxe4 Nf6 6. Nxf6+ gxf6 7. Bf4 Nd7 8.
Bd3 Be7 9. O-O Nf8 10. Re1 Ng6 11. Qd2 Nxf4 12. Qxf4 h6 13. Rad1 Qd6 14. Qe3
Bd7 15. c4 O-O-O 16. Re2 Rdg8 17. b4 Bd8 18. b5 cxb5 19. cxb5 Bb6 20. Rc2+ Kb8
21. Bf1 e5 22. Qd3 Bg4 23. dxe5 Qxd3 24. Rxd3 Bf5 25. exf6 Bxd3 26. Bxd3 Rd8
27. Be2 Rhe8 28. g3 Re6 29. Bc4 Rxf6 30. Ne5 Rf5 31. Nxf7 Rf8 32. Nxh6 Rxf2 33.
Rxf2 Rxf2 34. Kh1 Rc2 35. Bb3 Rc5 36. g4 Rxb5 37. Kg2 Bd8 38. Nf5 Rb4 39. Kf3
Bc7 40. h3 a5 41. Be6 Rf4+ 42. Ke3 Ra4 43. Kf3 Ra3+ 44. Kg2 b5 45. g5 b4 46. g6
Be5 47. h4 a4 48. h5 b3 49. axb3 axb3 50. Bxb3 Rxb3 51. h6 Kc7 52. g7 Bxg7 53.
hxg7 Rb8 54. Nh6 Kd7 55. Kf3 Ke6 56. Kf4 Kf6 57. g8=Q Rxg8 58. Nxg8+ 1/2-1/2

[Event "DFEM 2003"]
[Site "Altenkirchen"]
[Date "2003.07.29"]
[Round "5"]
[White "Vogel, Heike"]
[Black "Thiery, Jennifer"]
[Result "1-0"]
[WhiteElo "2162"]
[BlackElo "1688"]
[PlyCount "91"]

1. d4 d5 2. Nf3 Nf6 3. Bf4 e6 4. e3 c5 5. Nbd2 Nc6 6. c3 Be7 7. Bd3 O-O 8. h4
a6 9. Ne5 Bd7 10. Bg5 b5 11. Rh3 cxd4 12. exd4 Rc8 13. Bxf6 Bxf6 14. Bxh7+ Kxh7
15. Qh5+ Kg8 16. Ndf3 g6 17. Nxg6 fxg6 18. Qxg6+ Bg7 19. Ng5 Rf6 20. Qh7+ Kf8
21. h5 Bh6 22. f4 Be8 23. Re3 Qd6 24. g3 Rc7 25. Qh8+ Ke7 26. O-O-O b4 27. Kd2
bxc3+ 28. bxc3 Na5 29. Ke1 Nc4 30. Re2 Bxg5 31. Qg7+ Kd8 32. Qxg5 Qe7 33. g4
Nd6 34. Rb1 Ne4 35. Rb8+ Rc8 36. Qe5 Bf7 37. g5 Rf5 38. Qh8+ Be8 39. Reb2 Rxb8
40. Rxb8+ Kd7 41. Rb7+ Kd8 42. Rxe7 Kxe7 43. h6 Nxg5 44. fxg5 Rxg5 45. h7 Bb5
46. Qg8 1-0

[Event "DFEM 2003"]
[Site "Altenkirchen"]
[Date "2003.07.29"]
[Round "5"]
[White "Berglitz, Regina"]
[Black "Meier, Annemarie Sylvia"]
[Result "0-1"]
[WhiteElo "2076"]
[BlackElo "2267"]
[PlyCount "82"]

1. e4 e5 2. Nf3 Nc6 3. Bc4 Nf6 4. d3 Bc5 5. c3 a6 6. Nbd2 Ba7 7. O-O d6 8. Bb3
h6 9. Re1 g5 10. Nf1 g4 11. N3d2 Nh5 12. Nc4 Qf6 13. Be3 Nf4 14. Bxa7 Rxa7 15.
d4 Ne7 16. Nce3 Ra8 17. Nd5 Nexd5 18. exd5 O-O 19. dxe5 dxe5 20. Ng3 Qg7 21.
Qc2 Bd7 22. Qe4 Rae8 23. Rad1 Kh8 24. Nf5 Qg6 25. Bc2 b5 26. b3 c6 27. c4 bxc4
28. bxc4 cxd5 29. cxd5 f6 30. d6 Rb8 31. Ne7 Qxe4 32. Bxe4 Rb2 33. Bf5 Rd8 34.
Bb1 Ne2+ 35. Kh1 Nd4 36. Ng6+ Kg7 37. f4 gxf3 38. Nh4 f2 39. Rf1 Bb5 40. Bd3
Rxd6 41. Bxb5 axb5 0-1

[Event "DFEM 2003"]
[Site "Altenkirchen"]
[Date "2003.07.29"]
[Round "5"]
[White "Wraga, Teresa"]
[Black "Dietzen, Corinna"]
[Result "0-1"]
[WhiteElo "1563"]
[BlackElo "1643"]
[PlyCount "110"]

1. e4 c5 2. Nc3 Nc6 3. g3 g6 4. Bg2 Bg7 5. d3 d6 6. f4 Nf6 7. Nf3 Bd7 8. O-O
O-O 9. Be3 Ng4 10. Bd2 Qb6 11. Nd5 Qxb2 12. Rb1 Qxa2 13. Rxb7 Rfd8 14. h3 Nf6
15. Ne3 Rab8 16. Rxb8 Rxb8 17. g4 Ne8 18. f5 Nd4 19. Nxd4 Bxd4 20. Kh1 Rb2 21.
fxg6 hxg6 22. Qf3 Bxe3 23. Bxe3 Rxc2 24. Kg1 Bb5 25. Rd1 Rc3 26. Bf1 Qb3 27.
Bd2 Rc2 28. e5 d5 29. Bg5 Kf8 30. e6 f6 31. Bh6+ Kg8 32. g5 f5 33. Re1 Qb4 34.
Qe3 Qd4 35. Qxd4 cxd4 36. Bg2 Nc7 37. Rb1 a6 38. Bf1 Nxe6 39. Re1 Kf7 40. Bg2
Nf4 41. Bf1 Rd2 42. Rc1 Bxd3 43. Bxd3 Nxh3+ 44. Kf1 Rxd3 45. Rc8 Re3 46. Rf8+
Ke6 47. Rg8 Nf4 48. Ra8 Ra3 49. Ra7 Ra1+ 50. Kf2 Kf7 51. Ra8 d3 52. Ke3 d4+ 53.
Kd2 Ra2+ 54. Kd1 Ng2 55. Rf8+ Ke6 0-1